Rozponaj zawodnika FC Barcelony #9 - Statystyki

Ogólne statystyki
  • Ten quiz został rozwiązany 41 razy
  • Średni wynik to 6 z 16
Statystyki odpowiedzi
Obrazkowy Odpowiedź % Poprawnych
Arturo Vidal
96%
Robert Lewandowski
96%
Philippe Coutinho
78%
Neto
59%
Pablo Torre
44%
Christo Stoiczkow
37%
Emmanuel Petit
37%
Paco Alcácer
37%
Giovani dos Santos
33%
Carles Aleñá
30%
Munir El Haddadi
26%
Juliano Belletti
22%
Juan Pablo Sorín
15%
José Mari Bakero
11%
Robert Prosinečki
11%
Robert Enke
7%
Nie znaleziono quizów pasujących do podanych kryteriów
Rozkład punktacji
Procent ludzi z każdym wynikiem
Percentyl według liczby udzielonych odpowiedzi
Twoja historia wyników
Nie rozwiązałeś tego quizu